-"Minx" Rubik's cubes - Statistics

General Stats
  • This quiz has been taken 4 times
  • The average score is 7 of 14
Answer Stats
Hint Answer % Correct
3x3 Megaminx
100%
3x3 Pyraminx
100%
5x5 Gigaminx
67%
7x7 Teraminx
67%
15x15 Yottaminx
67%
13x13 Zettaminx
67%
19x19 Atlasminx
33%
6x6 Elite Kilominx
33%
11x11 Examinx
33%
2x2 Kilominx
33%
4x4 Master Kilominx
33%
4x4 Master Pyraminx
33%
21x21 Minx of Madness
33%
9x9 Petaminx
33%
No matching quizzes found
Score Distribution
Percent of People with Each Score
Percentile by Number Answered
Your Score History
You have not taken this quiz